| 000 | 00980nam a2200205 a 4500 | ||
|---|---|---|---|
| 001 | 55500 | ||
| 005 | 20180714050828.0 | ||
| 008 | 140415s2009 mx 000 0 spa d | ||
| 020 | _a9789701069127 | ||
| 041 | _aspa | ||
| 082 |
_a658.562 _bGUT |
||
| 100 | 1 | _aGutiérrez Pulido, Humberto,. | |
| 245 | 1 | 0 | _aCONTROL ESTADISTICO DE CALIDAD Y SEIS SIGMA |
| 250 | _a2a ed. | ||
| 260 |
_aMEXICO : _bMCGRAW-HILL INTERAMERICANA EDITORES, _c2009 |
||
| 300 |
_a884 _c20.8 x 2.2 x 26.7 |
||
| 520 | _aESTE LIBRO DESCRIBE LOS PRINCIPALES CONCEPTOS Y METODOS SOBRE EL CONTROL ESTADISTICO DE LA CALIDAD, ASI COMO LOS ASPECTOS ESENCIALES DE LA ESTRATEGIA DE MEJORA CONOCIDA COMO SEIS SIGMA. ESTA ES UNA ESTRATEGIA DE MEJORA CONTINUA QUE POR MAS DE UNA DECADA, HAN UTILIZADO MUCHAS DE LAS COMPAÑIAS LIDERES EN EL MUNDO. | ||
| 650 | 1 | 4 |
_aCALIDAD TOTAL _xCONTROL DE CALIDAD _xEMPRESAS _xADMINISTRACIN _xCONTROL ESTADISTICO DE CALIDAD |
| 700 | 1 |
_aVARA SALAZAR, ROMAN DE LA _ecoaut. |
|
| 999 |
_c55500 _d55500 |
||